| 000 | 00748cam a2200205 4500 | ||
|---|---|---|---|
| 001 | WB3738-24 | ||
| 008 | 011010n2001 000 0 eng u | ||
| 035 | _a(Sirsi) u115062 | ||
| 245 | _aGoodbye to subsidies | ||
| 260 | _c2001 | ||
| 490 |
_aFarmers Guardian _v5 October 2001, 1(1) |
||
| 520 | _aGovernment warns farmers to stop relying on subsidies and face up to market forces. Speaking at the Labour Party conference, DEFRA Minister stressed that agriculture must become market-oriented and customer-focused if farmers are to survive. | ||
| 590 | _aWB | ||
| 650 | _aSUBSIDIES | ||
| 650 | _aFARMING INDUSTRY | ||
| 650 | _aMARKET FORCES | ||
| 650 | _aSUSTAINABLE AGRICULTURE | ||
| 690 | _aRURAL-AGRICULTURE AND FORESTRY | ||
| 942 | _n0 | ||
| 999 |
_c68538 _d68538 |
||